| 000 | 01232nam a2200277 a 4500 | ||
|---|---|---|---|
| 001 | ASIN0520058801 | ||
| 005 | 20170105102931.0 | ||
| 008 | 140409s1987 xxu eng d | ||
| 020 |
_a0520058801 (paperback) _c$21.95 |
||
| 020 | _a9780520058804 (paperback) | ||
| 040 | _a0 | ||
| 050 | 0 | 4 | _aGN496 |
| 082 | 0 | 4 |
_a305.8 _bHOR 1987 |
| 100 | 1 | _aHorowitz, Donald L. | |
| 245 | 1 | 0 |
_aEthnic groups in conflict / _cDonald L. Horowitz. |
| 260 |
_a[S.l.] : _bUniversity of California Press, _c1987. |
||
| 300 |
_a712 p. ; _c23 cm. |
||
| 520 | _aDrawing material from dozens of divided societies, Donald L. Horowitz constructs his theory of ethnic conflict, relating ethnic affiliations to kinship and intergroup relations to the fear of domination. A groundbreaking work when it was published in 1985, the book remains an original and powerfully argued comparative analysis of one of the most important forces in the contemporary world. | ||
| 650 | 0 | _aDeveloping countries | |
| 650 | 0 | _aEthnic conflict | |
| 650 | 0 | _aEthnic groups--Political activity | |
| 650 | 0 | _aEthnic relations | |
| 650 | 0 | _aSocial conflict | |
| 856 | 4 | 0 |
_3Amazon.com _uhttp://www.amazon.com/exec/obidos/ASIN/0520058801/chopaconline-20 |
| 942 |
_2ddc _cBK |
||
| 999 |
_c16057 _d16057 |
||